ბათუმის შოთა რუსთაველის სახელმწიფო უნივერსიტეტის ბიბლიოთეკა

საინჟინრო გეოლოგია : სახელმძღვ. / (ბიბ.ჩანაწერი № 40361)

000 -ლიდერი
ფიქსირებული სიგრძის საკონტროლო ველი 00757nam a2200205Ia 4500
001 - საკონტროლო ნომერი
საკონტროლო ველი 6969
003 - საკონტროლო ნომრის იდენტიფიკატორი
საკონტროლო ველი GE_BSU
005 - ბოლო ოპერაციის თარიღი და დრო
საკონტროლო ველი 20190530155843.0
008 - ფიქსირებული სიგრძის მონაცემთა ელემენტები - ზოგადი ინფორმაცია
ფიქსირებული სიგრძის საკონტროლო ველი 181216s1979||||ge |||||||||||||| ||geo||
040 ## - კატალოგიზაციის წყარო
Transcribing agency GE_BSU
041 ## - ენის კოდი
Language code of text/sound track or separate title geo
080 ## - უნივერსალური ათობითი კლასიფიკაციის ინდექსი
Universal Decimal Classification number 624.13 ჩ-97
100 ## - მთავარი ჩანაწერი - პიროვნების სახელი
Personal name ჩხეიძე,დ.
9 (RLIN) 1848
245 ## - ცნობა სათაურის შესახებ
Title საინჟინრო გეოლოგია : სახელმძღვ. /
Statement of responsibility, etc დ. ჩხეიძე ; რედ.უ.ზვიადაძე.
264 ## - წარმოების, გამოცემის, დისტრიბუციის და სხვა ცნობები
გამოცემის, წარმოების, დისტრიბუციის... ადგილი თბილისი :
გამოცემის, წარმოების, დისტრიბუციის... სახელწოდება განათლება,
გამოცემის, წარმოების, დისტრიბუციის... თარიღი 1979.
300 ## - ფიზიკური აღწერა
Extent 363 გვ .:
Dimensions 22 სმ.
653 ## - INDEX TERM--UNCONTROLLED
Uncontrolled term საინჟინრო გეოლოგია.
700 ## - ADDED ENTRY--PERSONAL NAME
Personal name ზვიადაძე, უ
Relator term რედაქტორი
9 (RLIN) 1849
942 ## - ADDED ENTRY ELEMENTS (KOHA)
Koha item type წიგნი
Source of classification or shelving scheme
ეგზემპლარები
ჩამოწერის სტატუსი დაკარგული ეგზემპლარის სტატუსი კლასიფიკაციის წყარო ან თაროზე გაწყობის სქემა დაზიანების სტატუსი არ გაიცემა მუდმივი მდებარეობა (დაცვის ადგილი) ამჟამინდელი ადგილსამყოფელი თაროზე განთავსების ადგილი შეძენის თარიღი ღირებულება, შესყიდვის ნორმალური ფასი სრული შენახვის შიფრი შტრიხკოდი ბოლო ოპერაციის თარიღი ეგზემპლარის მიმდევრობითი ნომერი (კეტერი?) ფასის ძალაში შესვლის თარიღი ეგზემპლარის სახეობა საჯარო შენიშვნა
          ტექნოლოგიური ფაკულტეტის ბიბლიოთეკა ტექნოლოგიური ფაკულტეტის ბიბლიოთეკა წიგნსაცავი 2018-12-17 2.00 624.13 ჩ-97 9766 2018-12-17 9766 2018-12-17 წიგნი 2 ლ. 10 თ.
          ტექნოლოგიური ფაკულტეტის ბიბლიოთეკა ტექნოლოგიური ფაკულტეტის ბიბლიოთეკა წიგნსაცავი 2018-12-17 2.00 624.13 ჩ-97 9767 2018-12-17 9767 2018-12-17 წიგნი 2 ლ. 10 თ
          ტექნოლოგიური ფაკულტეტის ბიბლიოთეკა ტექნოლოგიური ფაკულტეტის ბიბლიოთეკა წიგნსაცავი 2018-12-17 2.00 624.13 ჩ-97 9768 2018-12-17 9768 2018-12-17 წიგნი 2 ლ. 10 თ.
          ტექნოლოგიური ფაკულტეტის ბიბლიოთეკა ტექნოლოგიური ფაკულტეტის ბიბლიოთეკა წიგნსაცავი 2018-12-17 2.00 624.13 ჩ-97 9769 2018-12-17 9769 2018-12-17 წიგნი 2 ლ. 10 თ.
          ტექნოლოგიური ფაკულტეტის ბიბლიოთეკა ტექნოლოგიური ფაკულტეტის ბიბლიოთეკა წიგნსაცავი 2018-12-17 2.00 624.13 ჩ-97 9770 2018-12-17 9770 2018-12-17 წიგნი 2 ლ. 10 თ.
          ტექნოლოგიური ფაკულტეტის ბიბლიოთეკა ტექნოლოგიური ფაკულტეტის ბიბლიოთეკა წიგნსაცავი 2018-12-17 2.00 624.13 ჩ-97 9771 2018-12-17 9771 2018-12-17 წიგნი 2 ლ;. 10 თ.
          ტექნოლოგიური ფაკულტეტის ბიბლიოთეკა ტექნოლოგიური ფაკულტეტის ბიბლიოთეკა წიგნსაცავი 2018-12-17 2.00 624.13 ჩ-97 9772 2018-12-17 9772 2018-12-17 წიგნი 2 ლ. 10 თ.
          ტექნოლოგიური ფაკულტეტის ბიბლიოთეკა ტექნოლოგიური ფაკულტეტის ბიბლიოთეკა წიგნსაცავი 2018-12-17 2.00 624.13 ჩ-97 9773 2018-12-17 9773 2018-12-17 წიგნი 2 ლ. 10 თ.
          ტექნოლოგიური ფაკულტეტის ბიბლიოთეკა ტექნოლოგიური ფაკულტეტის ბიბლიოთეკა წიგნსაცავი 2018-12-17 2.00 624.13 ჩ-97 9774 2018-12-17 9774 2018-12-17 წიგნი 2 ლ. 10 თ.
          ტექნოლოგიური ფაკულტეტის ბიბლიოთეკა ტექნოლოგიური ფაკულტეტის ბიბლიოთეკა წიგნსაცავი 2018-12-17 2.00 624.13 ჩ-97 9775 2018-12-17 9775 2018-12-17 წიგნი 2 ლ. 10 თ.